Responses for Show #1071 - Monday, April 10, 1989

Contestants

[<< previous game]

Jim Breed, a mechanical engineer from Kansas City, Missouri

Carol Mack, a banker from New York City, New York

Dusten Galbraith, a quality assurance specialist originally from Moline, Illinois (whose 1-day cash winnings total $1,799)

[next game >>]

Jeopardy! Round responses

SHIPS
MOVIE TRIVIA
ANAGRAMS
DRUMMERS
LIBRARIES
POT CLUCK
    $100 9
a clipper ship

Dusten
    $100 19
Gone with the Wind

Jim
    $100 2
Lois (from soil)

Jim
    $100 3
Bruce Springsteen

Carol
    $100 4
the Nixon & the Reagan Libraries

Jim
    $100 1
a roaster (broiler)

Carol
    $200 10
a keel

Carol
    $200 20
Stardust Memories

Jim
    $200 24
a map (from Pam)

Dusten
    $1,500 15
(Alex: [*] of The Who, well done.)

Keith Moon

Jim
    $200 5
the British Museum

Triple Stumper
    $200 11
flies for fishing

Jim
    $300 21
(Alex: We've got less than a minute to go in the round.)

Khartoum

Jim
    $300 25
a gem (from Meg)

Carol
    $300 16
Spike Jones

Jim
    $300 6
Thomas Jefferson

Jim
    $300 12
cholesterol

Jim
    $400 22
lemons

Carol
    $400 26
a gnu (from gun)

Jim
    $400 17
Charlie Watts

Triple Stumper
    $400 7
the Dead Sea Scrolls

Dusten
    $400 13
(Alex: Actually, I believe it was two chickens in every pot but the expression has come down [*].)

a chicken in every pot

Dusten
    $500 23
Australia

Carol
    $500 27
[The end-of-round signal sounds.]

Kampuchea (from "A UKE CHAMP")

Jim
    $500 18
Gene Krupa

Jim
    $500 8
(Alex: Right, he was pope.)

the Vatican Library

Dusten
    $500 14
Vivaldi

Jim

Scores at the first commercial break (after clue 13):

Dusten Carol Jim
$1,400 $400 $1,000

Scores at the end of the Jeopardy! Round:

Dusten Carol Jim
$1,600 $1,600 $5,300

Double Jeopardy! Round responses

AFRICA
U.S. HISTORY
LITERARY TITLES
FAMOUS FEMINISTS
GEOLOGY
HATS & HEADGEAR
    $200 6
Lyndon Baines Johnson

Jim
    $200 11
Moby-Dick

Dusten
    $200 21
(Alex: We've got a minute left in this game.)

Gloria Steinem

Dusten
    $200 1
[Dusten selected the first clue.]

petrified wood

Dusten
    $200 12
a 10-gallon hat

Carol
    $400 7
Teapot Dome

Dusten
    $400 17
Harriet Beecher Stowe

Carol
    $400 23
(Carol: What is, uh, register to vote?)
(Dusten: What is run for office?)
(Alex: Be more specific.)

run for president

DustenCarol
    $400 2
continents

Dusten
    $400 13
a birder

Jim
    $600 8
the Volstead Act

Jim
    $1,500 18
(Carol: Who is--what is Bartleby, the Scrivener?)

"The Devil and Daniel Webster"

Carol
    $600 3
(Jim: What is the... mesosphere?)

the lithosphere

DustenJim
    $600 14
(Alex: Yes, it's a chef's hat.)

a kitchen

Jim
    $800 25
(Dusten: What is the Indian Ocean?)
...
[The end-of-round signal sounds.]

the Atlantic

Dusten
Triple Stumper
    $800 9
(Carol: Uh, what is a... coal miner?)

a cigar maker

Carol
Triple Stumper
    $800 19
(Alex: John Dos Passos, [*].)

the U.S.A. trilogy

Triple Stumper
    $800 4
(Dusten: What's an archipelago?)
...
(Alex: Not fast enough, Jim.)

a chain

Dusten
Triple Stumper
    $800 15
a mantilla

Carol
    $1000 24
(Carol: Uh, what is the Gobi?)

the Kalahari

Carol
Triple Stumper
    $2,000 10
Rutherford B. Hayes

Jim
    $1000 20
(Carol: What is The Count of Monte Cristo?)

The Three Musketeers

Carol
Triple Stumper
    $1000 22
The Second Sex

Jim
    $1000 5
a crevasse

Jim
    $1000 16
a miter

Jim

Scores at the end of the Double Jeopardy! Round:

Dusten Carol Jim
$2,400 -$1,700 $11,500
(lock game)

[wagering suggestions for these scores]

Final Jeopardy! Round responses

WORLD CITIES
(Alex: [To Dusten] The capital of Cuba? You're absolutely right.)
DustenWhat is Havana?
$2,399
JimWhat is San Juan?
$1
Havana, Cuba

Final scores:

Dusten Carol Jim
$4,799 -$1,700 $11,499
2nd place: Pulaski Ridgeway time tell table + Bob Mitchell wall coverings 3rd place: Bernardaud Limoges porcelain dinnerware New champion: $11,499

Game dynamics:

Coryat scores:

Dusten Carol Jim
$2,400 -$200 $9,200
12 R,
2 W
9 R,
5 W
(including 1 DD)
22 R
(including 2 DDs),
1 W

Combined Coryat: $11,400

[game clues] [game scores] [suggest correction]

Game tape date: 1988-12-13
The J! Archive is created by fans, for fans. Scraping, republication, monetization, and malicious use prohibited; this site may use cookies and collect identifying information. See terms. The Jeopardy! game show and all elements thereof, including but not limited to copyright and trademark thereto, are the property of Jeopardy Productions, Inc. and are protected under law. This website is not affiliated with, sponsored by, or operated by Jeopardy Productions, Inc. Join the discussion at JBoard.tv.